000 00428nam a2200181Ia 4500
999 _c21758
_d21758
001 21450
003 PK-LaUMT
005 20221222113406.0
008 140408s9999 xx 000 0 und d
040 _cPK-LaUMT
082 _a 891.4393
_bRAZ-D
100 _aRazia Butt
245 _aDil aur pathar (urdu)
_cRazia Butt
260 _c1991
500 _aEntered from accession register
546 _aEN
942 _cSTK2002
_2ddc